000 00394nam a2200169Ia 4500
001 37616
005 20240114001938.0
007 ta
008 070614s a g b000 u u
082 _a821.7809
_bB 316 G
100 _aBate, W G .
245 0 _aJohn Keats /
_cW G Bate.
_hTextual Documents
300 _bill ;
653 _aEnglish Literature
942 _2ddc
_cBK
999 _c37592
_d37592